| 000 | 00841nam a22002657a 4500 | ||
|---|---|---|---|
| 003 | DO-SdBNP | ||
| 005 | 20231010092629.0 | ||
| 007 | v | ||
| 008 | 210702b 2019 dr a00| 0 eng d | ||
| 020 | _a9789945614268 | ||
| 040 |
_aDO-SdBNP _bspa _cBPMSU |
||
| 082 | 4 |
_aRD863.44 _bM491j 2019 _222 |
|
| 100 | 1 |
_aMedina, Oquendo, _d1955- |
|
| 245 | 1 | 3 |
_aEl jovencito Duarte : _bcuento infantil -juvenil / _cOquendo Medina. |
| 260 |
_aSanto Domingo : _bSantuario, _c2019. |
||
| 300 |
_a63 p. : _bil. ; _c22 cm. |
||
| 500 | _aIncluye datos biográficos del autor en la solapa de la cubierta | ||
| 590 | _aInventariado, 2021 /VM | ||
| 590 | _a | ||
| 650 | 4 | _aCuentos infantiles dominicanos | |
| 650 | 4 | _aCuentos juveniles dominicanos | |
| 650 | 4 | _aLiteratura dominicana | |
| 910 | _aVMateo V. Control de calidad. BPMSU | ||
| 942 |
_2ddc _cBK |
||
| 999 |
_c13736 _d13736 |
||